[Event "Aimchess Rapid Div 3 W"]
[Site "chess.com INT"]
[Date "2023.07.11"]
[Round "4.1"]
[White "Mamedov, Rauf"]
[Black "Yu, Yangyi"]
[Result "0-1"]
[WhiteTitle "GM"]
[BlackTitle "GM"]
[WhiteElo "2636"]
[BlackElo "2735"]
[WhiteFideId "13401653"]
[BlackFideId "8603820"]
[EventDate "2023.07.10"]
[EventType "k.o."]

1. e4 c5 2. c3 d5 3. exd5 Nf6 4. Bb5+ Nbd7 5. Nf3 Nxd5 6. d4 e6 7. O-O a6 8. Be2
Qc7 9. c4 N5f6 10. Nc3 Be7 11. Bg5 O-O 12. Bh4 Rd8 13. Bg3 Bd6 14. Bxd6 Qxd6 15.
dxc5 Qxc5 16. Qd4 Qxd4 17. Nxd4 Ne5 18. Rfd1 Bd7 19. c5 Rdc8 20. b4 b6 21. Nb3
Be8 22. Rac1 bxc5 23. bxc5 g5 24. Rd4 Kg7 25. h4 h6 26. hxg5 hxg5 27. Na4 Nfd7
28. Rd6 Rc7 29. Rcd1 Nf6 30. Nb6 Raa7 31. a4 Ne4 32. Rd8 Nc3 33. Re1 Bxa4 34.
Nxa4 Nxa4 35. Bxa6 Nc6 36. Rc8 Rxc8 37. Bxc8 Ne7 38. Bxe6 fxe6 39. Rxe6 Rc7 40.
g3 Kf7 41. Re5 Kf6 42. f4 gxf4 43. gxf4 Ng6 44. Re4 Nc3 45. Rc4 Ne2+ 46. Kf2
Nexf4 47. c6 Ne6 48. Nd4 Nxd4 49. Rxd4 Rxc6 50. Ke3 Ke5 51. Re4+ Kf5 52. Re8 Ra6
53. Kd4 Rd6+ 54. Ke3 Rd1 55. Ke2 Rd7 56. Ke3 Rd6 57. Ra8 Re6+ 58. Kd4 Re4+ 59.
Kc3 Ne5 60. Rf8+ Ke6 61. Re8+ Kd6 62. Rd8+ Kc5 63. Rc8+ Nc6 64. Kd3 Re7 65. Kd2
Kd5 66. Kd3 Ne5+ 67. Kc3 Rd7 68. Rh8 Rc7+ 69. Kd2 Ra7 70. Rd8+ Ke4 71. Re8 Ra3
72. Kc2 Re3 73. Re7 Kd4 74. Re8 Rc3+ 75. Kd2 Rd3+ 76. Kc2 Nc6 77. Rc8 Nb4+ 78.
Kc1 Rh3 79. Kd2 Rh2+ 80. Ke1 Nd5 81. Rd8 Ke4 82. Re8+ Kf3 83. Kd1 Nc3+ 84. Kc1
Ne4 85. Rd8 Ke3 86. Rd7 Nc5 87. Rc7 Nd3+ 88. Kb1 Rb2+ 89. Ka1 Kd2 90. Rh7 Rb6
91. Rh2+ Kc3 92. Rg2 Rb8 93. Rg7 Rb5 94. Rc7+ Nc5 95. Ka2 Kc2 96. Ka3 Rb3+ 97.
Ka2 Rc3 98. Rc6 Rc4 99. Ra6 Nxa6 0-1

[Event "Aimchess Rapid Div 3 W"]
[Site "chess.com INT"]
[Date "2023.07.11"]
[Round "4.2"]
[White "Le, Tuan Minh"]
[Black "Dominguez Perez, Leinier"]
[Result "1/2-1/2"]
[WhiteTitle "GM"]
[BlackTitle "GM"]
[WhiteElo "2557"]
[BlackElo "2739"]
[WhiteFideId "12401153"]
[BlackFideId "3503240"]
[EventDate "2023.07.10"]
[EventType "k.o."]

1. d4 Nf6 2. Nf3 d5 3. c4 e6 4. Nc3 Bb4 5. Bg5 h6 6. Bxf6 Qxf6 7. e3 c5 8. cxd5
exd5 9. Bb5+ Bd7 10. Bxd7+ Nxd7 11. O-O Bxc3 12. bxc3 c4 13. Qa4 Qc6 14. Qxc6
bxc6 15. Rfb1 Ke7 16. Rb7 Rhb8 17. Rab1 Rxb7 18. Rxb7 Rb8 19. Rxb8 Nxb8 20. Kf1
Nd7 21. Ke2 Ke6 22. Nd2 f5 23. f3 Nf6 24. Nf1 g5 25. Kd2 h5 26. Ng3 h4 27. Ne2
Kd6 28. Ke1 Kc7 29. Ng1 g4 30. h3 Kd6 31. Kd2 gxh3 32. Nxh3 Nh5 33. f4 Nf6 34.
Ng1 Ne4+ 35. Kc2 Nf2 36. Kd2 Ne4+ 37. Kc2 Ng3 38. Kd2 Nf1+ 39. Ke2 Ng3+ 40. Kd2
Ne4+ 1/2-1/2

[Event "Aimchess Rapid Div 3 W"]
[Site "chess.com INT"]
[Date "2023.07.11"]
[Round "4.2"]
[White "Yu, Yangyi"]
[Black "Mamedov, Rauf"]
[Result "1/2-1/2"]
[WhiteTitle "GM"]
[BlackTitle "GM"]
[WhiteElo "2735"]
[BlackElo "2636"]
[WhiteFideId "8603820"]
[BlackFideId "13401653"]
[EventDate "2023.07.10"]
[EventType "k.o."]

1. d4 d6 2. e4 g6 3. Nc3 Bg7 4. Nf3 a6 5. Bd3 Nc6 6. d5 Nb8 7. h3 Nd7 8. O-O
Ngf6 9. Re1 O-O 10. a4 Nc5 11. Bc4 Nfd7 12. a5 c6 13. Bg5 Re8 14. Qd2 b5 15.
axb6 Nxb6 16. Ba2 Bb7 17. Nd4 cxd5 18. exd5 Rc8 19. Re2 Ncd7 20. Nf3 Nc4 21.
Bxc4 Rxc4 22. Rae1 Ne5 23. Nxe5 dxe5 24. Bh6 Rd4 25. Qc1 f6 26. Bxg7 Kxg7 27.
Qa1 Qb6 28. Re4 Qc5 29. Qa2 Bxd5 30. Nxd5 Rxd5 31. b4 Qc6 32. c4 Rd7 33. c5 Red8
34. Qc4 g5 35. Ra1 Rd1+ 36. Re1 R8d4 37. Qb3 R1d2 38. Red1 Qe4 39. Rxd2 Rxd2 40.
Qe6 Kf8 41. Qxa6 Qd4 42. Rf1 Qxb4 43. c6 Qc5 44. Qc8+ Kg7 45. Qe8 e4 46. Kh1 Rc2
47. Qd7 Qe5 48. Re1 h5 49. Rd1 h4 50. Re1 Kf7 51. Rf1 Qe6 52. Rd1 Rxc6 53. Qd2
Rd6 54. Qe1 Rxd1 55. Qxd1 e3 56. fxe3 Qxe3 57. Qh5+ Kg7 58. Qe8 Qe6 59. Kh2 Qd6+
60. Kh1 Qc7 61. Kg1 f5 62. Kh1 Qe5 63. Qh5 Qe3 64. Qd1 Kf6 65. Qa1+ Qe5 66. Qa6+
Qd6 67. Qa1+ e5 68. Qa8 Qe7 69. Qh8+ Ke6 70. Qg8+ Qf7 71. Qc8+ Kf6 72. Qh8+ Kg6
73. Qxe5 Qf6 74. Qe8+ Kh6 75. Qc8 Qe5 76. Qf8+ Kg6 77. Qg8+ Qg7 78. Qe8+ Kf6 79.
Qc6+ Kf7 80. Qd7+ Kg6 81. Qe8+ Qf7 82. Qc8 f4 83. Qc6+ Qf6 84. Qe4+ Qf5 85. Qe8+
Qf7 86. Qe4+ Kg7 87. Qe5+ Qf6 88. Qe4 Kh6 89. Qa8 Qe6 90. Qb7 Kg6 91. Qb1+ Kf6
92. Qb7 Qe1+ 93. Kh2 Qe5 94. Kh1 Kf5 95. Qf7+ Ke4 96. Qb3 Qd5 97. Qf3+ Ke5 98.
Qh5 Kd6 99. Qg6+ Kc5 100. Qc2+ Kb6 101. Qb2+ Kc6 102. Qc2+ Kd7 103. Qg6 f3 104.
Qg7+ Ke8 105. Qg6+ Kd7 106. Qg7+ Kc6 107. Qf6+ Kc5 108. Qc3+ Kb5 109. gxf3 Qd1+
110. Kg2 Qe2+ 111. Kg1 Qe6 112. Kg2 Qd6 113. Qb2+ Ka6 114. Qa1+ Kb7 115. Qb1+
Ka8 116. Qa1+ Kb8 117. Qh8+ Kb7 118. Qg7+ Qc7 119. Qxc7+ Kxc7 120. f4 gxf4 121.
Kf3 Kd6 122. Kxf4 Ke6 123. Kg4 Kf6 124. Kxh4 Kg6 125. Kg4 Kh6 126. h4 Kg6 127.
h5+ Kh6 128. Kh4 Kh7 129. Kg5 Kg7 130. h6+ Kh7 131. Kh5 Kh8 132. Kg6 Kg8 133.
h7+ Kh8 134. Kh6 1/2-1/2

[Event "Aimchess Rapid Div 3 W"]
[Site "chess.com INT"]
[Date "2023.07.12"]
[Round "5.1"]
[White "Le, Tuan Minh"]
[Black "Yu, Yangyi"]
[Result "0-1"]
[WhiteTitle "GM"]
[BlackTitle "GM"]
[WhiteElo "2557"]
[BlackElo "2735"]
[WhiteFideId "12401153"]
[BlackFideId "8603820"]
[EventDate "2023.07.10"]
[EventType "k.o."]

1. d4 Nf6 2. c4 e6 3. Nf3 b6 4. a3 Bb7 5. Nc3 Ne4 6. Nxe4 Bxe4 7. Bf4 Be7 8. e3
d6 9. Bd3 Bxd3 10. Qxd3 Nd7 11. O-O g5 12. Bg3 h5 13. h3 g4 14. hxg4 hxg4 15.
Nd2 Bh4 16. Qe4 Nf6 17. Qc6+ Ke7 18. Bxh4 Rxh4 19. g3 Rh8 20. Kg2 Qd7 21. Qxd7+
Nxd7 22. Rh1 c5 23. Rxh8 Rxh8 24. b4 f5 25. b5 cxd4 26. exd4 e5 27. Nb3 Rc8 28.
Rc1 Kf6 29. a4 exd4 30. Nxd4 Ne5 31. a5 bxa5 32. Ra1 Rxc4 33. Ne2 a4 34. Nf4 Rd4
35. Kf1 Nc4 36. Ne2 Nd2+ 37. Kg2 Rc4 38. Nf4 Ne4 39. Nd5+ Ke5 40. Ne3 Rb4 41. f3
Nc3 42. fxg4 fxg4 43. Kf1 d5 44. Nc2 Rb1+ 45. Rxb1 Nxb1 46. Ke1 a3 47. Nb4 Nc3 0-1

[Event "Aimchess Rapid Div 3 W"]
[Site "chess.com INT"]
[Date "2023.07.12"]
[Round "5.2"]
[White "Yu, Yangyi"]
[Black "Le, Tuan Minh"]
[Result "1-0"]
[WhiteTitle "GM"]
[BlackTitle "GM"]
[WhiteElo "2735"]
[BlackElo "2557"]
[WhiteFideId "8603820"]
[BlackFideId "12401153"]
[EventDate "2023.07.10"]
[EventType "k.o."]

1. e4 c5 2. Nf3 Nf6 3. e5 Nd5 4. Nc3 e6 5. Nxd5 exd5 6. d4 Nc6 7. c3 d6 8. Bb5
cxd4 9. O-O Qb6 10. Qe2 d3 11. Bxd3 Be6 12. exd6 Bxd6 13. Ng5 O-O-O 14. Nxe6
fxe6 15. Qxe6+ Kb8 16. Bg5 Ne5 17. Bxd8 Rxd8 18. Bf5 g6 19. Bh3 h5 20. Rad1 g5
21. Bf5 Ng4 22. Bxg4 hxg4 23. g3 Bc7 24. Qxb6 Bxb6 25. Rd2 Kc7 26. Re1 Rf8 27.
Re5 1-0

[Event "Aimchess Rapid Div 3 W"]
[Site "chess.com INT"]
[Date "2023.07.14"]
[Round "6.1"]
[White "Yu, Yangyi"]
[Black "Le, Tuan Minh"]
[Result "1/2-1/2"]
[WhiteTitle "GM"]
[BlackTitle "GM"]
[WhiteElo "2735"]
[BlackElo "2557"]
[WhiteFideId "8603820"]
[BlackFideId "12401153"]
[EventDate "2023.07.10"]
[EventType "k.o."]

1. e4 e5 2. Nf3 Nc6 3. Bc4 Nf6 4. d3 Bc5 5. O-O d6 6. c3 O-O 7. Nbd2 a6 8. a4
Ba7 9. h3 h6 10. Re1 Re8 11. b4 Be6 12. Bxe6 Rxe6 13. Qc2 Nh5 14. Nf1 Rg6 15.
Qd1 Qf6 16. Be3 Nf4 17. Bxf4 Qxf4 18. Ra2 Nd8 19. Kh1 Qf6 20. Ne3 Bxe3 21. fxe3
Qe7 22. Rf1 Rf6 23. a5 Ne6 24. Raf2 Nf8 25. Qb3 c6 26. Qa2 Rd8 27. Nh4 Rxf2 28.
Qxf2 g6 29. Qg3 Kh7 30. Qf2 Kg7 31. Qg3 Kh7 32. Qf2 Kg7 33. Qg3 Kh7 1/2-1/2

[Event "Aimchess Rapid Div 3 W"]
[Site "chess.com INT"]
[Date "2023.07.14"]
[Round "6.2"]
[White "Le, Tuan Minh"]
[Black "Yu, Yangyi"]
[Result "1/2-1/2"]
[WhiteTitle "GM"]
[BlackTitle "GM"]
[WhiteElo "2557"]
[BlackElo "2735"]
[WhiteFideId "12401153"]
[BlackFideId "8603820"]
[EventDate "2023.07.10"]
[EventType "k.o."]

1. d4 Nf6 2. Nf3 e6 3. c4 d5 4. Nc3 Nbd7 5. Bf4 Bb4 6. e3 c5 7. Be2 Ne4 8. Qb3
Qa5 9. Rc1 b5 10. cxd5 c4 11. Qc2 exd5 12. O-O Bxc3 13. bxc3 O-O 14. Ng5 Nxg5
15. Bxg5 Re8 16. f3 Bb7 17. Qd2 Re6 18. e4 Rae8 19. e5 f6 20. f4 fxg5 21. f5 Rh6
22. Bg4 Nxe5 23. dxe5 Rxe5 24. Rce1 Qb6+ 25. Kh1 Qd6 26. Rxe5 Qxe5 27. h3 d4 28.
cxd4 Qg3 29. Qe2 Rf6 30. Bf3 Bxf3 31. Rxf3 Qd6 32. Qe8+ Rf8 33. Qxb5 Qxd4 34. a4
h6 35. Qc6 Rf6 36. Qc8+ Kh7 37. Qc7 Qd1+ 38. Kh2 Qd6+ 39. Qxd6 Rxd6 40. Rc3 Rd4
41. Kg1 g6 42. f6 Kg8 43. Kf2 Kf7 44. Ke3 Rf4 45. g3 Rxf6 46. Rxc4 Re6+ 47. Kd4
Kf6 48. a5 g4 49. hxg4 Kg5 50. Ra4 Rd6+ 51. Kc5 Rd3 52. Kc6 Rb3 53. a6 Rb6+ 54.
Kc7 Rb1 55. Kc8 Rb6 56. Kd8 Rc6 57. Ke7 Rc3 58. Kf7 Rxg3 59. Ra5+ Kxg4 60. Kxg6
Kf4+ 61. Kxh6 Ke4 62. Ra1 Kd4 63. Kh5 Kc4 64. Kh4 Rg8 65. Kh5 Kb5 66. Ra2 Rg3
67. Ra1 Kb4 68. Kh4 Rg8 69. Kh5 Kb5 70. Ra2 Kb6 71. Ra1 Rg2 72. Kh4 Kb5 73. Kh5
Rg3 74. Ra2 Rg1 75. Ra3 Kb4 76. Ra2 Kb3 77. Ra5 Kc4 78. Ra2 Kb4 79. Kh4 Kc5 80.
Kh5 Kb5 81. Ra3 Rg8 82. Ra1 Kc4 83. Rb1 Rg2 84. Rb7 Ra2 85. Rxa7 Kb5 86. Ra8
Rxa6 87. Rxa6 Kxa6 1/2-1/2

[Event "Aimchess Rapid Div 3 W"]
[Site "chess.com INT"]
[Date "2023.07.14"]
[Round "6.3"]
[White "Yu, Yangyi"]
[Black "Le, Tuan Minh"]
[Result "1-0"]
[WhiteTitle "GM"]
[BlackTitle "GM"]
[WhiteElo "2735"]
[BlackElo "2557"]
[WhiteFideId "8603820"]
[BlackFideId "12401153"]
[EventDate "2023.07.10"]
[EventType "k.o."]

1. e4 e5 2. Nf3 Nc6 3. Bc4 Nf6 4. d3 Bc5 5. O-O O-O 6. Nbd2 d6 7. c3 a5 8. h3 h6
9. Re1 Be6 10. Bb5 Ba7 11. Nf1 Ne7 12. d4 c6 13. Bd3 Ng6 14. Ng3 Qc7 15. Be3
Rfe8 16. Qd2 Rad8 17. Nf5 Bxf5 18. exf5 Nf8 19. Bxh6 gxh6 20. Qxh6 Qe7 21. Ng5
Nd5 22. Ne4 Nh7 23. f6 Qf8 24. Qh4 Nf4 25. Ng5 Nxf6 26. Nh7 Qg7 27. Nxf6+ Kf8
28. Be4 Nxh3+ 29. Kf1 Nf4 30. Nh7+ Kg8 31. Re3 f5 32. Rg3 Ng6 33. Qh5 Qxh7 34.
Rxg6+ 1-0

[Event "Aimchess Rapid Div 3 W"]
[Site "chess.com INT"]
[Date "2023.07.14"]
[Round "6.4"]
[White "Le, Tuan Minh"]
[Black "Yu, Yangyi"]
[Result "1-0"]
[WhiteTitle "GM"]
[BlackTitle "GM"]
[WhiteElo "2557"]
[BlackElo "2735"]
[WhiteFideId "12401153"]
[BlackFideId "8603820"]
[EventDate "2023.07.10"]
[EventType "k.o."]

1. d4 Nf6 2. Nf3 e6 3. c4 d5 4. Nc3 Nbd7 5. Bf4 dxc4 6. e3 Bd6 7. Bxc4 Bxf4 8.
exf4 Nb6 9. Bd3 Nbd5 10. Qd2 O-O 11. Rc1 b6 12. O-O Bb7 13. Ne5 Rc8 14. Ne4 h6
15. Rfe1 Re8 16. g3 Qe7 17. Nxf6+ Qxf6 18. Bb5 Red8 19. Bc6 Bxc6 20. Nxc6 Rd7
21. b4 Ne7 22. Ne5 Rd5 23. Qd3 c6 24. Rc4 Rcd8 25. Qa3 a5 26. bxa5 Rxa5 27. Ra4
Rxa4 28. Qxa4 b5 29. Qa7 Nf5 30. Nxc6 Nxd4 31. Nxd8 Nf3+ 32. Kf1 Qxd8 33. Rc1
Nd2+ 34. Kg1 Qd5 35. Qc5 Qxa2 36. Qxb5 Nf3+ 37. Kg2 Nd4 38. Rc8+ Kh7 39. Qd3+
Nf5 40. g4 1-0

[Event "Aimchess Rapid Div 3 W"]
[Site "chess.com INT"]
[Date "2023.07.14"]
[Round "6.5"]
[White "Yu, Yangyi"]
[Black "Le, Tuan Minh"]
[Result "1-0"]
[WhiteTitle "GM"]
[BlackTitle "GM"]
[WhiteElo "2735"]
[BlackElo "2557"]
[WhiteFideId "8603820"]
[BlackFideId "12401153"]
[EventDate "2023.07.10"]
[EventType "k.o."]

1. e4 e5 2. Nf3 Nc6 3. Bc4 Nf6 4. d3 Bc5 5. Nbd2 d6 6. O-O O-O 7. c3 a5 8. h3 h6
9. Re1 Be6 10. Bb5 Qb8 11. Nf1 Qa7 12. Re2 a4 13. Bxc6 bxc6 14. Ng3 Qa5 15. Rc2
Rfe8 16. Nh4 d5 17. Qf3 Nh7 18. Nhf5 Bf8 19. h4 Rad8 20. Be3 dxe4 21. dxe4 a3
22. b3 Rd3 23. Rac1 Kh8 24. Nf1 c5 25. Nd2 Red8 26. g4 g6 27. Ng3 Qa6 28. Ngf1
c4 29. Nxc4 Bxc4 30. bxc4 Qxc4 31. Rb1 Be7 32. Kg2 Bxh4 33. Nd2 Qe6 34. Rb7 Bg5
35. Nf1 Bxe3 36. Nxe3 Ng5 37. Qg3 Nxe4 38. Qh4 g5 39. Qh5 Qc6 40. Rxc7 Qxc7 41.
Qxh6+ Kg8 42. Nf5 f6 43. Qg6+ Kh8 44. Rc1 Rd1 45. Rxd1 Rxd1 46. Qe8+ Kh7 47. Ne7
Qxe7 48. Qxe7+ Kg6 49. Qe6 Kg7 50. Qe7+ Kg6 51. Qe8+ Kg7 52. Qc6 Re1 53. Qd7+
Kg6 54. f3 Re2+ 55. Kg1 Ng3 56. Qe8+ Kg7 57. Qe7+ Kg6 58. Qxa3 f5 59. Qd6+ Kf7
60. Qd7+ Kf6 61. Qc6+ Kf7 62. gxf5 e4 63. Qe6+ Kf8 64. Qd6+ Kf7 65. Qxg3 1-0